| 000 | 00533nam a22001817a 4500 | ||
|---|---|---|---|
| 005 | 20260515115022.0 | ||
| 008 | 240522b |||||||| |||| 00| 0 eng d | ||
| 040 |
_aIN-DiNC _cIN-DiNC |
||
| 041 | _dasm | ||
| 082 |
_a920 _bSAR |
||
| 100 |
_aSarma, Kami Ram _eauthor |
||
| 245 |
_aVaishnava jeevan charita/ _cby Kami Ram Sarma |
||
| 250 |
_a1st ed. _bV. 3 |
||
| 260 |
_aGuwahati: _bCentral Institute of Indian Languages, _c2015. |
||
| 300 | _a320p. | ||
| 650 | _aBiography of some eminent Vaishnava Saints of Assam | ||
| 942 |
_2ddc _cBK |
||
| 999 |
_c11814 _d11814 |
||